Daleká cesta : kritické a analytické studie /

Hlavní autor: Schnapková, Andrea, 1989-
Další autoři: Hudec, Zdeněk, 1971-
Jazyk: Čeština
Vydáno: Praha : Casablanca, 2018
Vydání: Vydání první
Edice: Filmová mozaika
Témata:
Fyzický popis: 189 stran : ilustrace, portréty, faksimile ; 23 cm
Language note: Anglické resumé
Knihy
Uloženo v:
LEADER 02859nam a2200781 i 4500
001 nkc20193164817
003 CZ PrNK
005 20220114110205.0
007 ta
008 200108s2018 xr ach f 001 0 cze
015 |a cnb003164817 
020 |a 978-80-87292-46-4  |q (brožováno) :  |c Kč 229,00 
035 |a (OCoLC)1140089076 
040 |a ABA001  |b cze  |d OLA001  |e rda 
041 0 |a cze  |b eng 
043 |a e-cs---  |a e-xr--- 
045 |a x4x4 
072 7 |a 791  |x Film. Cirkus. Lidová zábava  |2 Konspekt  |9 3 
080 |a 791.2  |2 MRF 
080 |a 791.622  |2 MRF 
080 |a 323.12"1939/1945"  |2 MRF 
080 |a 791.22/.23  |2 MRF 
080 |a 791.632:792.026  |2 MRF 
080 |a 7.073  |2 MRF 
080 |a 791.32.01:111.852  |2 MRF 
080 |a (437)  |2 MRF 
080 |a (437.3)  |2 MRF 
080 |a (048.8)  |2 MRF 
080 |a (048.8:082)  |2 MRF 
100 1 |a Schnapková, Andrea,  |d 1989-  |7 xx0220314  |4 aut 
245 1 0 |a Daleká cesta :  |b kritické a analytické studie /  |c Andrea Schnapková, Zdeněk Hudec a kolektiv 
250 |a Vydání první 
264 1 |a Praha :  |b Casablanca,  |c 2018 
300 |a 189 stran :  |b ilustrace, portréty, faksimile ;  |c 23 cm 
336 |a text  |b txt  |2 rdacontent 
337 |a bez média  |b n  |2 rdamedia 
338 |a svazek  |b nc  |2 rdacarrier 
490 1 |a Filmová mozaika ;  |v svazek 6 
504 |a Obsahuje bibliografii, bibliografické odkazy a rejstřík 
546 |a Anglické resumé 
600 1 7 |a Radok, Alfréd,  |d 1914-1976  |7 jk01101921  |2 czenas 
630 0 7 |a Daleká cesta (film)  |7 unn20201064443  |2 czenas 
648 7 |a 1941-1950  |7 ch460582  |2 czenas 
648 7 |a 1948  |7 ch460659  |2 czenas 
650 0 7 |a filmy  |7 ph120215  |z Československo  |y 1941-1950  |2 czenas 
650 0 7 |a kinematografie  |7 ph114909  |z Československo  |y 1941-1950  |2 czenas 
650 0 7 |a holocaust (1939-1945)  |7 ph117203  |z Česko  |2 czenas 
650 0 7 |a filmové náměty  |7 ph203867  |2 czenas 
650 0 7 |a filmové scénáře  |7 ph120202  |2 czenas 
650 0 7 |a interpretace uměleckého díla  |7 ph162886  |2 czenas 
650 0 7 |a filmová estetika  |7 ph120183  |2 czenas 
650 0 9 |a films  |z Czechoslovakia  |y 1941-1950  |2 eczenas 
650 0 9 |a cinematography  |z Czechoslovakia  |y 1941-1950  |2 eczenas 
650 0 9 |a holocaust (1939-1945)  |z Czechia  |2 eczenas 
650 0 9 |a film themes  |2 eczenas 
650 0 9 |a screenplays  |2 eczenas 
650 0 9 |a art interpretation  |2 eczenas 
650 0 9 |a aesthetics of film  |2 eczenas 
655 7 |a studie  |7 fd133597  |2 czenas 
655 7 |a kolektivní monografie  |7 fd501537  |2 czenas 
655 9 |a studies  |2 eczenas 
655 9 |a collective monographs  |2 eczenas 
700 1 |a Hudec, Zdeněk,  |d 1971-  |7 ola2006329725  |4 aut 
830 0 |a Filmová mozaika  |0 s 
910 2 |a BOA001  |b 2-1463.242 
990 |a BK 
995 |a 01 
996 6 |b 2610859993  |c 2-1463.242  |l MZK  |r Sklad / do 1 hodiny  |n 1  |p p.v.  |w 001846828  |u 000010  |a 1  |e BOA001  |j MZK50  |s P